| 000 | 00477nam a2200181Ia 4500 | ||
|---|---|---|---|
| 003 | OSt | ||
| 005 | 20260303103826.0 | ||
| 008 | 211028s2003 xx 000 0 und d | ||
| 040 | _cAIMIT LIBRARY | ||
| 041 | _aeng | ||
| 082 | _a621.3821 KIRA | ||
| 100 |
_aKiran K;A Gunaseelan. _g92167 _92219 |
||
| 110 |
_aA Gunaseelan _92220 |
||
| 245 | _aRemote monitoring mobile network / | ||
| 260 |
_aBangalore _c2003 |
||
| 710 |
_aTATA Consultancy Services _92221 |
||
| 942 |
_2ddc _cPRO |
||
| 999 |
_c216824 _d216824 |
||